00660nam a2200193 a 450000100100000000500170001000800410002702000180006804000250008608200190011110000290013024500650015926000360022430000210026049000220028183000290030395201170033299900170044900004251420201002040214.0131205s2008 sp 000 0 spa d a9788498950052 aDO-SdBNPbspacBNPHU axxxxxxbxxxxxx1 aSaer, Juan José96972313aEl Arte de Narrar :bpoemas (1960-1987) /cJuan José Saer. aMadrid, :bVisor libros,c2008. a174 p. ;c20 cm.1 aVisor de poesía 0aVisor de poesía913366 001050718MOaGRbGRcHDd2013-12-05iLF1l0oxxxxxx xxxxxxp42514-10r2020-06-25w2020-06-25y1ZNo se presta c42003d42003